| 000 | 00520nam a2200181Ia 4500 | ||
|---|---|---|---|
| 999 |
_c33703 _d33703 |
||
| 003 | OSt | ||
| 005 | 20200904113010.0 | ||
| 008 | 190216s9999||||xx |||||||||||||| ||und|| | ||
| 020 | _a9788120318861 | ||
| 040 | _coclc | ||
| 082 |
_a530.12 _bOMN/U |
||
| 100 |
_aOmnes, Roland _94433 |
||
| 245 | 0 |
_aUnderstanding Quantum Mechanics / _cRoland Omnes |
|
| 260 |
_bPrentice Hall Of India, _c2001. _aNew Delhi: |
||
| 300 | _a307p | ||
| 650 | _aPhysics | ||
| 942 |
_cBK _2ddc _h530.12 _iOMN/U _k530.12 _mOMN/U |
||